Global warming unchecked : signs to watch for

Αποθηκεύτηκε σε:
Λεπτομέρειες βιβλιογραφικής εγγραφής
Κύριος συγγραφέας: Bernard, Harold W.
Μορφή: Βιβλίο
Γλώσσα:English
Δημοσίευση: Bloomington : Indiana University Press, c1993
Θέματα:
Ετικέτες: Προσθήκη ετικέτας
Δεν υπάρχουν, Καταχωρήστε ετικέτα πρώτοι!

MARC

LEADER 00000nam a2200000 i 4500
001 1/103098
008 000301s1993 eng d
020 |a 0-253-20819-X 
035 |l 10058338 
040 |a GR-MY-UA  |b gre  |e aacr 
041 0 |a eng 
082 0 |a 363.7387 
100 1 |a Bernard, Harold W. 
245 1 0 |a Global warming unchecked :  |b signs to watch for /  |c Harold W. Bernard 
260 |a Bloomington :   |b Indiana University Press,   |c c1993 
300 |a 186 p. 
504 |a Includes index 
650 0 0 |a Global warming. 
650 0 0 |a Global warming  |x Social aspects  |z United States. 
651 0 |a United States  |x Climate  |x Environmental aspects. 
852 |a INST  |b LESVOS  |e 20000301  |h 363.7387 BER  |p 005100023889  |q 005100023889  |t BK  |y 0 
901 |a BIBL1-2000-1 
909 |a Λ  |b 073886 
922 |a 1ΕΛΗ  |b 200001  |c ΚΠΣ/ΤΓ  |d LEADER 
950 |a 118-1999-09-03 
970 |a ΤΖΑΦΕΡΗ  |b ΕΥΑΓΓΕΛΙΑ  |z 2000/03/03